000 00551nam a2200217 i 4500
001 bgj
100 1 _aIrving, John
_c(1942- ).
245 1 0 _aThe Cider House Rules :
_ba novel /
_cJohn Irving.
260 _aFranklin Center, Pa :
_bThe Franklin Library,
_c1985.
300 _a[3], 548 pp ;
_c24 cm.
650 9 _aYoung men
_xMaine
650 9 _aPhysicians
650 9 _aOrphanage
650 9 _aAbortion
650 9 _aMaine
655 _aFiction
040 _cBPK
041 0 _aeng
942 _cKS
008 s uk f |000 0 eng
999 _c47586
_d47586
856 _uhttp://koha.tu.koszalin.pl/cgi-bin/koha/opac-detail.pl?biblionumber=47586
_yKatalog online BPK